| 000 | 00623nam a2200229Ia 4500 | ||
|---|---|---|---|
| 003 | OSt | ||
| 005 | 20220928104014.0 | ||
| 006 | a|||||r|||| 00| 0 | ||
| 007 | ta | ||
| 008 | 220927b |||||||| |||| 00| 0 hin d | ||
| 024 | _a130864 | ||
| 037 | _cTextual | ||
| 040 |
_aSDCL _cSDCL _bhin |
||
| 041 |
_2hin _ahin |
||
| 082 | _aO152,1M66x, J0.1 | ||
| 100 |
_aRatnakar Jagannathdass _9408126 |
||
| 245 | 0 | _aKaavyon ka sangrah. | |
| 260 |
_aKashi _bNaagriparcharini Sabha _c1950 |
||
| 300 |
_a254p. _ccm. |
||
| 942 |
_hO152,1M66x, J0.1 _cTEXL _2CC |
||
| 999 |
_c723619 _d723619 |
||